Flags of Irish Counties - Statistics

General Stats
  • This quiz has been taken 112 times
  • The average score is 8 of 26
Answer Stats
Picture Answer % Correct
Co. Wexford
71%
Co. Dublin
62%
Co. Tipperary
54%
Co. Mayo
48%
Co. Kilkenny
46%
Co. Cork
44%
Co. Galway
44%
Co. Limerick
44%
Co. Kildare
42%
Co. Sligo
40%
Co. Offaly
37%
Co. Waterford
33%
Co. Donegal
31%
Co. Carlow
29%
Co. Leitrim
29%
Co. Kerry
27%
Co. Louth
23%
Co. Meath
21%
Co. Westmeath
21%
Co. Monaghan
19%
Co. Roscommon
19%
Co. Laois
13%
Co. Wicklow
13%
Co. Cavan
12%
Co. Longford
6%
Co. Clare
4%
No matching quizzes found
Score Distribution
Percent of People with Each Score
Percentile by Number Answered
Your Score History
You have not taken this quiz